| Tag |
First Indicator |
Second Indicator |
Subfields |
| LEADER |
00000cam a2200000 4500 |
| 001 |
in00000307379 |
| 005 |
20151010143816.0 |
| 008 |
750626s1965 nyuab b 00000 eng d |
| 010 |
|
|
|a 65022006
|
| 035 |
|
|
|a (OCoLC)01413527
|
| 035 |
|
|
|9 ABH5804AM
|
| 040 |
|
|
|c ORL
|d TXA
|d UtOrBLW
|
| 049 |
|
|
|a TXAM
|c [636155]
|
| 050 |
0 |
0 |
|a DS6
|b .P7
|
| 100 |
1 |
|
|a Price, Christine,
|d 1928-1980.
|
| 245 |
1 |
0 |
|a Cities of gold and isles of spice ;
|b travel to the East in the Middle Ages /
|c Maps and decorations by the author.
|
| 264 |
|
1 |
|a New York :
|b D. McKay Co.,
|c 1965.
|
| 300 |
|
|
|a xiii, 208 pages :
|b illustrations, maps.
|
| 336 |
|
|
|a text
|b txt
|2 rdacontent
|
| 337 |
|
|
|a unmediated
|b n
|2 rdamedia
|
| 338 |
|
|
|a volume
|b nc
|2 rdacarrier
|
| 504 |
|
|
|a Includes bibliographical references.
|
| 650 |
|
0 |
|a Travel, Medieval.
|
| 651 |
|
0 |
|a Asia
|x Description and travel.
|
| 999 |
|
|
|a MARS
|
| 999 |
f |
f |
|s 61039eca-6e8c-3137-afa4-571320150d82
|i f15926a5-4d32-3700-a781-39f2cde0b64d
|t 0
|
| 952 |
f |
f |
|p ric
|a Texas A&M University
|b Rellis Campus
|c Joint Library Facility
|d Remote Storage
|t 0
|e DS6 .P7
|h Library of Congress classification
|i unmediated -- volume
|m A14823395269
|
| 998 |
f |
f |
|a DS6 .P7
|t 0
|l Remote Storage
|